000 01038cam a22003257a 4500
003 CHAP
005 20220329140419.0
008 971013s r 00010 d
010 _a51635
011 _a52607
035 _a56757
040 _cCHAP
082 _a631.4
_bT7
100 0 0 _aTraynor, Joe.
_9114722
245 0 _aIdeas in soil and plant nutrition
260 _aBakersfield, CA. :
_bKovak Books, S.A.
300 _a120 p.
590 _aBATCH-UPD
_b10
_c20130110
_lUCH01
_h0418
590 _aBATCH-UPD
_b10
_c20130110
_lUCH01
_h2054
590 _aBATCH-UPD
_b10
_c20130410
_lUCH01
_h0053
590 _aBATCH-UPD
_b10
_c20130410
_lUCH01
_h1520
590 _aBATCH-UPD
_b10
_c20130914
_lUCH01
_h1918
590 _aCONVERSION
_b10
_c20130109
_lUCH01
_h1328
650 1 4 _aPlantas
_xNutrición.
_988874
650 1 4 _aSuelos y nutrición.
_9110578
901 _aBK
942 _cLIBRO
949 _a631.4 T7
_bBC
_cLIBRO
_d33724000064622
_eLIBRO
_h56706
_i56757
_si
949 _a631.4 T7
_bBC
_cLIBRO
_d33724000064630
_eLIBRO
_fc.2
_h56751
_i56757
_si
999 _c51635
_d51635